000 00268nam a22001337a 4500
003 SGT
082 _a576.5
_bDEM
100 _aDEMEREC M
245 _aADVANCES IN GENETICS
260 _aU K
_bACADEMIC PRESS
_c1947
300 _a458
650 _aAG
942 _2ddc
_cRARE
999 _c33696
_d33696